000 00286nam a22001217a 4500
003 SGT
020 _a9384266906
100 _aMARATHA, SUSHMA
245 _aHUMAN ANATOMY & PHYSIOLOGY PRACTICAL
260 _aBIRLA, PUB.
_bDELHI
_c2022
650 _aANATOMY, PHYSIOLOGY
942 _2ddc
_cBK
999 _c24744
_d24744